000 00659nam a2200253Ia 4500
003 OSt
005 20221007103550.0
006 a|||||r|||| 00| 0
007 ta
008 221006b |||||||| |||| 00| 0 eng d
024 _a13,488
037 _cTextual
040 _aLCO
_cLCO
_beng
041 _2eng
_aeng
082 _aZ2,2674, L2
100 _aBogsch Arpad
245 0 _aLaw of Copyright under the Universal Convention
250 _a3rd
260 _aNew
_bYork R.R. Bowker Company U.S.A.
_c1972
300 _a696
650 _aCOPYRIGHT
_9607787
942 _hZ2,2674, L2
_cTEXL
999 _c1183051
_d1183051